<?xml version="1.0" encoding="UTF-8"?>
<record
    xmlns:xsi="http://www.w3.org/2001/XMLSchema-instance"
    xsi:schemaLocation="http://www.loc.gov/MARC21/slim http://www.loc.gov/standards/marcxml/schema/MARC21slim.xsd"
    xmlns="http://www.loc.gov/MARC21/slim">

  <leader>01880nam a22003017a 4500</leader>
  <controlfield tag="003">3228</controlfield>
  <controlfield tag="005">20250319105117.0</controlfield>
  <controlfield tag="008">250319b        sa ||||| |||| 00| 0 eng d</controlfield>
  <datafield tag="020" ind1=" " ind2=" ">
    <subfield code="a">9780627 025655</subfield>
    <subfield code="q">Paperback</subfield>
  </datafield>
  <datafield tag="040" ind1=" " ind2=" ">
    <subfield code="a">RDA</subfield>
    <subfield code="b">ENGLISH</subfield>
    <subfield code="c">3228</subfield>
  </datafield>
  <datafield tag="082" ind1=" " ind2=" ">
    <subfield code="a">343.680999 CYBE</subfield>
  </datafield>
  <datafield tag="100" ind1=" " ind2=" ">
    <subfield code="a"> Buys, Reinhardt</subfield>
    <subfield code="9">192601</subfield>
  </datafield>
  <datafield tag="245" ind1=" " ind2=" ">
    <subfield code="a">Cyberlaw @ SA II :</subfield>
    <subfield code="b">the law of the Internet in South Africa /</subfield>
    <subfield code="c">Reinhardt Buys, editor ; Francis Cronj&#xE9;, web site editor.</subfield>
  </datafield>
  <datafield tag="250" ind1=" " ind2=" ">
    <subfield code="a">2nd ed.</subfield>
  </datafield>
  <datafield tag="260" ind1=" " ind2=" ">
    <subfield code="a">Pretoria : </subfield>
    <subfield code="b">Van Schaik,</subfield>
    <subfield code="c"> 2004.</subfield>
  </datafield>
  <datafield tag="300" ind1=" " ind2=" ">
    <subfield code="a">xxvi, 404 pages</subfield>
    <subfield code="b">colour illustrations:</subfield>
    <subfield code="c">25 cm</subfield>
  </datafield>
  <datafield tag="500" ind1=" " ind2=" ">
    <subfield code="a">Revised edition of: Cyberlaw / editor Reinhardt Buys. 1st ed. 2000.</subfield>
  </datafield>
  <datafield tag="504" ind1=" " ind2=" ">
    <subfield code="a">Includes bibliographical references and index.</subfield>
  </datafield>
  <datafield tag="521" ind1=" " ind2=" ">
    <subfield code="a">Adult</subfield>
  </datafield>
  <datafield tag="630" ind1=" " ind2=" ">
    <subfield code="a">Cyberlaw.</subfield>
    <subfield code="9">192602</subfield>
  </datafield>
  <datafield tag="650" ind1=" " ind2=" ">
    <subfield code="2">1. Copyright and the Internet -- 2. Trademarks, domain names and meta tags -- 3. Internet and e-commerce patents -- 4. Electronic transactions -- 5. Cryptography and authentication -- 6. Online consumer protection and spam -- 7. Privacy and the Internet -- 8. Freedom of expression and the Internet -- 9. Functionality of value-added network service providers and their liability -- 10. Telecommunications legislation as barriers to e-commerce -- 11. Taxation (VAT) -- 12. Taxation of e-commerce -- 13. Criminal law and the Internet -- 14. Online dispute resolution -- 15. Online card payments -- 16. IT risk check list.</subfield>
  </datafield>
  <datafield tag="651" ind1=" " ind2=" ">
    <subfield code="a">South Africa</subfield>
  </datafield>
  <datafield tag="654" ind1=" " ind2=" ">
    <subfield code="2">Computer networks&#x2014;Law and legislation  Internet&#x2014;Law and legislation  South Africa</subfield>
  </datafield>
  <datafield tag="655" ind1=" " ind2=" ">
    <subfield code="a">Non-fiction</subfield>
    <subfield code="9">190173</subfield>
  </datafield>
  <datafield tag="690" ind1=" " ind2=" ">
    <subfield code="2">54463193</subfield>
  </datafield>
  <datafield tag="710" ind1=" " ind2=" ">
    <subfield code="a">Francis Cronj&#xE9;, web site editor, Rhode Odendaal, Ernst Schlatter, Daleen Venter, Renee Ferreira, Alexa Barnby, Warren Grove, AN dtp Services, Cape Town, Paarl Print, Oosterland Street, Dal Josafat, Paarl, South Africa</subfield>
    <subfield code="9">192603</subfield>
  </datafield>
  <datafield tag="942" ind1=" " ind2=" ">
    <subfield code="2">ddc</subfield>
    <subfield code="c">BOOK</subfield>
    <subfield code="w">12663</subfield>
    <subfield code="x">Priscilla Nozizwe Mogale</subfield>
    <subfield code="y">12663</subfield>
    <subfield code="z">Priscilla Nozizwe Mogale</subfield>
  </datafield>
  <datafield tag="999" ind1=" " ind2=" ">
    <subfield code="c">773254</subfield>
    <subfield code="d">773253</subfield>
  </datafield>
  <datafield tag="952" ind1=" " ind2=" ">
    <subfield code="0">0</subfield>
    <subfield code="1">0</subfield>
    <subfield code="2">ddc</subfield>
    <subfield code="4">0</subfield>
    <subfield code="7">0</subfield>
    <subfield code="8">300</subfield>
    <subfield code="a">MKHUL</subfield>
    <subfield code="b">MKHUL</subfield>
    <subfield code="c">Non_Fiction</subfield>
    <subfield code="d">2025-03-19</subfield>
    <subfield code="g">345.00</subfield>
    <subfield code="l">0</subfield>
    <subfield code="o">343.680999 CYBE</subfield>
    <subfield code="p">33228 020240693</subfield>
    <subfield code="r">2025-03-19</subfield>
    <subfield code="w">2025-03-19</subfield>
    <subfield code="y">BOOK</subfield>
  </datafield>
  <datafield tag="952" ind1=" " ind2=" ">
    <subfield code="0">0</subfield>
    <subfield code="1">0</subfield>
    <subfield code="2">ddc</subfield>
    <subfield code="4">0</subfield>
    <subfield code="7">0</subfield>
    <subfield code="8">300</subfield>
    <subfield code="a">MKHUL</subfield>
    <subfield code="b">MKHUL</subfield>
    <subfield code="c">Non_Fiction</subfield>
    <subfield code="d">2025-03-19</subfield>
    <subfield code="g">345.00</subfield>
    <subfield code="l">0</subfield>
    <subfield code="o">343.680999 CYBE</subfield>
    <subfield code="p">33228 022874380</subfield>
    <subfield code="r">2025-03-19</subfield>
    <subfield code="w">2025-03-19</subfield>
    <subfield code="y">BOOK</subfield>
  </datafield>
</record>
